[Event "Penang op-B 9th"]
[Site "Penang"]
[Date "2017.12.09"]
[Round "9"]
[White "Tin, Shan Ze"]
[Black "Ramesh, Balasubramanian"]
[Result "0-1"]
[WhiteElo "1393"]
[BlackElo "1661"]
[PlyCount "76"]
[EventDate "2017.12.04"]
[EventType "swiss"]
[EventRounds "9"]
[EventCountry "MAS"]
[SourceTitle "CBM 182 Extra"]
[Source "ChessBase"]
[SourceDate "2018.02.23"]
[SourceVersion "1"]
[SourceVersionDate "2018.02.23"]
[SourceQuality "1"]

1. d4 Nf6 2. c4 e6 3. Nc3 Bb4 4. Bd2 b6 5. Nf3 Bb7 6. e3 0-0 7. Bd3 Bxc3 8. Bxc3 Ne4 9. Rc1 f5 10. 0-0 d6 11. Qe2 Nd7 12. Nd2 Nxc3 13. Rxc3 e5 14. f3 exd4 15. exd4 Qf6 16. Qf2 Rae8 17. Nb3 a5 18. c5 dxc5 19. dxc5 a4 20. c6 Bxc6 21. Nd4 Nc5 22. Bxf5 Bb7 23. Bg4 Ba6 24. Rd1 Ne4 25. Qc2 Nxc3 26. bxc3 Qf4 27. g3 Qe3+ 28. Kh1 Bb7 29. Rf1 Qg5 30. Bf5 Qh5 31. Kg1 c5 32. Bg4 Qe5 33. Nf5 Bc8 34. Nh4 Bxg4 35. Qxa4 Bh3 36. Rd1 Qe3+ 37. Kh1 Qe1+ 38. Rxe1 Rxe1# 0-1

[Event "Gibraltar Amateur op-B"]
[Site "Caleta"]
[Date "2017.01.31"]
[Round "4"]
[White "Alonso Prieto, Victor"]
[Black "Ramesh, Balasubramanian"]
[Result "1/2-1/2"]
[WhiteElo "1507"]
[BlackElo "1646"]
[PlyCount "65"]
[EventDate "2017.01.28"]
[EventType "swiss"]
[EventRounds "5"]
[EventCountry "GGB"]
[SourceTitle "EXT 2018"]
[Source "ChessBase"]
[SourceDate "2017.10.13"]
[SourceVersion "1"]
[SourceVersionDate "2017.10.13"]
[SourceQuality "1"]

1. d4 Nf6 2. Nf3 e6 3. g3 c5 4. Bg2 Nc6 5. 0-0 Qb6 6. c3 Be7 7. Na3 d5 8. Qb3 0-0 9. Qxb6 axb6 10. Bg5 cxd4 11. Bxf6 Bxf6 12. cxd4 Nxd4 13. Nxd4 Bxd4 14. Rab1 Bc5 15. Rfc1 f5 16. Rc3 Bd7 17. b4 Bd6 18. Nc2 Rfc8 19. Rxc8+ Rxc8 20. Nd4 Kf8 21. Bh3 Rc4 22. e3 Bxb4 23. Bf1 Bc5 24. Bxc4 dxc4 25. a4 Ke7 26. Nb5 Bc6 27. Nc3 Bf3 28. Kf1 Kd6 29. Nb5+ Ke5 30. Rc1 Be4 31. Ke1 Bd3 32. Kd2 Bb4+ 33. Nc3 1/2-1/2

[Event "Gibraltar Amateur op-A"]
[Site "Caleta"]
[Date "2017.01.27"]
[Round "5"]
[White "Ramesh, Balasubramanian"]
[Black "Lochte, Szilvia"]
[Result "1-0"]
[WhiteElo "1646"]
[BlackElo "1829"]
[PlyCount "91"]
[EventDate "2017.01.23"]
[EventType "swiss"]
[EventRounds "5"]
[EventCountry "GGB"]
[SourceTitle "CBM 176 Extra"]
[Source "ChessBase"]
[SourceDate "2017.03.02"]
[SourceVersion "1"]
[SourceVersionDate "2017.03.02"]
[SourceQuality "1"]

1. d4 Nf6 2. Bf4 d5 3. e3 c5 4. c3 Nc6 5. Nd2 Bf5 6. Qb3 Qd7 7. Ngf3 c4 8. Qd1 e6 9. Nh4 b5 10. Nxf5 exf5 11. Be2 Bd6 12. Bxd6 Qxd6 13. 0-0 0-0 14. Qc2 g6 15. Bf3 a5 16. b3 Ne4 17. Bxe4 fxe4 18. bxc4 bxc4 19. Qa4 Rfb8 20. Rfb1 Ra6 21. Rb5 Rab6 22. Rab1 Qc7 23. g3 Kg7 24. Rxb6 Rxb6 25. Rb5 Qd8 26. Kg2 g5 27. h3 f5 28. Nf1 h5 29. Kh2 h4 30. Kg2 Kg6 31. Nh2 hxg3 32. fxg3 Qb8 33. Rxb6 Qxb6 34. Qa3 Qb8 35. h4 f4 36. gxf4 gxf4 37. exf4 Qxf4 38. Qc5 Qd2+ 39. Kg1 Qe3+ 40. Kg2 Qd2+ 41. Kg1 Qe1+ 42. Nf1 Qxc3 43. Qxc6+ Kf5 44. Qxd5+ Kf4 45. Qe5+ Kf3 46. Qg3+ 1-0